[Event "New Zealand Championship 2023"]
[Site "Wellington"]
[Date "2023.01.10"]
[Round "9.14"]
[White "Park-Tamati, Philli"]
[Black "Young, Cohen"]
[Result "1/2-1/2"]
[TimeControl "90 mins + 30 mins (after 40 moves), additional 30 secs per move"]
[WhiteFideId "4309090"]
[BlackFideId "4317440"]
[WhiteElo "2065"]
[BlackElo "1994"]

1. d4 {[%clk 01:30:58]} {[%emt 00:00:02]} Nf6 {[%clk 01:30:59]} {[%emt
00:00:01]} 2. Bf4 {[%clk 01:31:19]} {[%emt 00:00:08]} d5 {[%clk 01:31:26]}
{[%emt 00:00:04]} 3. e3 {[%clk 01:31:44]} {[%emt 00:00:05]} c5 {[%clk
01:31:46]} {[%emt 00:00:10]} 4. dxc5 {[%clk 01:32:08]} {[%emt 00:00:05]} e6
{[%clk 01:32:10]} {[%emt 00:00:06]} 5. b4 {[%clk 01:32:35]} {[%emt 00:00:04]}
a5 {[%clk 01:32:33]} {[%emt 00:00:08]} 6. c3 {[%clk 01:33:01]} {[%emt
00:00:03]} axb4 {[%clk 01:32:57]} {[%emt 00:00:06]} 7. cxb4 {[%clk 01:33:27]}
{[%emt 00:00:05]} Bd7 {[%clk 01:33:17]} {[%emt 00:00:10]} 8. Nd2 {[%clk
01:32:52]} {[%emt 00:01:05]} b6 {[%clk 01:33:41]} {[%emt 00:00:06]} 9. cxb6
{[%clk 01:33:09]} {[%emt 00:00:13]} Bxb4 {[%clk 01:34:00]} {[%emt 00:00:11]} 10.
Bc7 {[%clk 01:33:30]} {[%emt 00:00:09]} Qe7 {[%clk 01:34:21]} {[%emt 00:00:09]}
11. b7 {[%clk 01:32:57]} {[%emt 00:01:03]} Ra3 {[%clk 01:34:46]} {[%emt
00:00:05]} 12. Bxb8 {[%clk 01:33:18]} {[%emt 00:00:09]} Ba4 {[%clk 01:35:06]}
{[%emt 00:00:11]} 13. Be5 {[%clk 01:32:56]} {[%emt 00:00:52]} Qxb7 {[%clk
01:35:28]} {[%emt 00:00:08]} 14. Qb1 {[%clk 01:33:16]} {[%emt 00:00:10]} Bxd2+
{[%clk 01:35:48]} {[%emt 00:00:09]} 15. Kxd2 {[%clk 01:33:11]} {[%emt
00:00:34]} Ne4+ {[%clk 01:36:09]} {[%emt 00:00:10]} 16. Ke2 {[%clk 01:31:16]}
{[%emt 00:02:26]} Qc8 {[%clk 01:36:02]} {[%emt 00:00:41]} 17. Ke1 {[%clk
01:04:32]} {[%emt 00:27:09]} Qc5 {[%clk 01:25:12]} {[%emt 00:11:21]} 18. Qb8+
{[%clk 00:46:20]} {[%emt 00:18:42]} Kd7 {[%clk 01:25:37]} {[%emt 00:00:05]} 19.
Qb7+ {[%clk 00:46:09]} {[%emt 00:00:41]} Ke8 {[%clk 01:26:01]} {[%emt
00:00:06]} 20. Qb8+ {[%clk 00:46:25]} {[%emt 00:00:14]} 1/2-1/2

[Event "New Zealand Championship 2023"]
[Site "Wellington"]
[Date "2023.01.10"]
[Round "9.15"]
[White "Zhang, Kendrick Botong"]
[Black "Thomas, Ben"]
[Result "1-0"]
[WhiteElo "2071"]
[BlackElo "2200"]

1. e4 d5 2. exd5 Qxd5 3. Nc3 Qa5 4. d4 Nf6 5. Nf3 Bf5 6. Ne5 c6 7. Bc4 e6 8. g4
Be4 9. O-O Bd5 10. Bxd5 cxd5 11. f4 Bb4 12. Ne2 Ne4 13. Qd3 f6 14. Nf3 Nc6 15.
Ng3 Nxg3 16. hxg3 O-O-O 17. c3 Bd6 18. a4 h5 19. b4 Qc7 20. gxh5 Rxh5 21. Kg2
Kb8 22. Bd2 g5 23. g4 Rhh8 24. b5 Na5 25. fxg5 Nb3 26. Rab1 Bh2 27. Be1 Na5 28.
gxf6 Qf4 29. Ne5 Qh6 30. Nf7 1-0

[Event "New Zealand Championship 2023"]
[Site "Wellington"]
[Date "2023.01.10"]
[Round "9.16"]
[White "Cummings, Nick"]
[Black "Masters, Andrew D"]
[Result "1-0"]
[WhiteElo "2153"]
[BlackElo "1946"]

1. d4 d5 2. c4 dxc4 3. Qa4+ Nd7 4. Nf3 e6 5. e4 c6 6. Qxc4 Ngf6 7. Nc3 Qc7 8.
g3 Nb6 9. Qd3 h6 10. Bf4 Qe7 11. Rc1 Bd7 12. Bg2 Qb4 13. b3 Be7 14. O-O g5 15.
Bd2 Bd8 16. e5 Nh5 17. Ne4 Qe7 18. Nd6+ Kf8 19. Nxb7 Bc7 20. Nc5 Be8 21. Bb4
Kg8 22. Na6 Qd8 23. Nxc7 Qxc7 24. Nd2 Nd5 25. Bd6 Qd7 26. Ne4 Rc8 27. Bc5 f5
28. exf6 Nhxf6 29. Nd6 Rc7 30. Nxe8 Qxe8 31. Qe2 Rhh7 32. Rfe1 Qd7 33. Bh3 Ne8
34. Rc2 Rb7 35. Qe5 Ndc7 36. Rce2 Qd5 37. Qe3 a6 38. f4 gxf4 39. Qxf4 e5 40.
Rxe5 Ne6 41. Bxe6+ 1-0

[Event "New Zealand Championship 2023"]
[Site "Wellington"]
[Date "2023.01.10"]
[Round "9.17"]
[White "Zhu, David Junyang"]
[Black "Qin, Oscar Shu Xuan"]
[Result "1/2-1/2"]
[WhiteElo "1740"]
[BlackElo "1964"]

1. d4 Nf6 2. c4 g6 3. g3 Bg7 4. Bg2 O-O 5. Nc3 d6 6. Nf3 Nc6 7. O-O a6 8. h3
Bd7 9. e4 e5 10. dxe5 dxe5 11. Bg5 Qc8 12. Bxf6 Bxf6 13. Nd5 Bg7 14. Kh2 Be6
15. Rc1 h6 16. Qe2 Re8 17. b4 Nd4 18. Nxd4 exd4 19. Qd3 Qd8 20. c5 Qd7 21. Qa3
Rad8 22. Qa5 c6 23. Nc7 1/2-1/2

[Event "New Zealand Championship 2023"]
[Site "Wellington"]
[Date "2023.01.10"]
[Round "9.18"]
[White "Van der Hoorn, Thomas"]
[Black "Ha, Timothy Huy Minh"]
[Result "1-0"]
[WhiteElo "2068"]
[BlackElo "1812"]

1. e4 e5 2. Nf3 Nc6 3. Bb5 a6 4. Ba4 Nf6 5. O-O Be7 6. Re1 b5 7. Bb3 O-O 8. h3
d6 9. c3 Na5 10. Bc2 c5 11. d4 Qc7 12. Nbd2 Bd7 13. d5 c4 14. Nf1 Nb7 15. Ng3
Nc5 16. Nh4 g6 17. Nf3 Ne8 18. Bh6 Ng7 19. Nh2 Qc8 20. Rf1 Bh4 21. Nf3 Bxg3 22.
fxg3 f5 23. exf5 Bxf5 24. Ng5 Bd3 25. Bxd3 Nxd3 26. Rxf8+ Qxf8 27. Qe2 Qe7 28.
Ne4 Nf5 29. Bg5 Nxg3 30. Qg4 Qa7+ 31. Kh2 Nxe4 32. Qxe4 Rf8 33. Be3 Qf7 34. b3
Qf5 35. Qh4 e4 36. bxc4 bxc4 37. Rb1 Qe5+ 38. Kh1 Qxd5 39. Bh6 Re8 40. Rf1 Qe6
41. Rb1 Qf7 42. Be3 Qe7 43. Qh6 Qg7 44. Qg5 Ne5 45. Rb6 Nf7 46. Qd5 Qxc3 47.
Bd4 Qe1+ 48. Kh2 Qf1 49. Rb2 Qf4+ 50. g3 Qf5 51. Qxc4 d5 52. Qxa6 Ne5 53. Qb5
Nf3+ 54. Kg2 Qf7 55. Be3 Ne1+ 56. Kh2 Nf3+ 57. Kg2 d4 58. Bf4 Ne1+ 59. Kg1 Nd3
60. Rc2 Nxf4 61. gxf4 d3 62. Rg2 Qxf4 63. Qxe8+ 1-0

[Event "New Zealand Championship 2023"]
[Site "Wellington"]
[Date "2023.01.10"]
[Round "9.19"]
[White "McDougall, Euan"]
[Black "Davis, Johnathan"]
[Result "1/2-1/2"]
[WhiteElo "1995"]
[BlackElo "1940"]

1. d4 f5 2. Nf3 Nf6 3. h4 d6 4. c4 e6 5. Nc3 Be7 6. b3 O-O 7. Bb2 Na6 8. e3 c6
9. a3 Bd7 10. Bd3 Rc8 11. Qc2 b5 12. b4 Nc7 13. c5 d5 14. g3 a6 15. Ne2 Nce8
16. Ne5 g6 17. a4 Ra8 18. Nf4 Ng7 19. Bc3 Qc7 20. Kd2 Ne4+ 21. Bxe4 fxe4 22.
Rag1 Bf6 23. Ng4 Be7 24. Qd1 bxa4 25. Qxa4 Qb8 26. Ne5 Qc7 27. Ra1 Bf6 28. Nxd7
Qxd7 29. Qc2 Ne8 30. Ra5 Nc7 31. Ke1 Rae8 32. Qe2 e5 33. dxe5 Bxe5 34. Bxe5
Rxe5 35. Qb2 Re7 36. Rf1 Nb5 37. Ne2 Rf3 38. Nd4 Nxd4 39. Qxd4 Qe8 40. Qa1 Rb7
41. Rxa6 Rxb4 42. Ra8 Rb8 43. Ra2 Rb7 44. Ke2 Rff7 45. Ra8 Rb8 46. Rxb8 Qxb8
47. Rb1 Qf8 48. f4 exf3+ 49. Kf2 Qxc5 50. Rb8+ Rf8 51. Rxf8+ Qxf8 52. Qe5 Qc8
53. g4 Kf7 54. g5 1/2-1/2

[Event "New Zealand Championship 2023"]
[Site "Wellington"]
[Date "2023.01.10"]
[Round "9.20"]
[White "Wang, Aaron Ziwen"]
[Black "Tanoi, T Edward"]
[Result "0-1"]
[WhiteElo "1945"]
[BlackElo "1993"]

1. c4 Nf6 2. Nc3 e6 3. d4 c5 4. Nf3 cxd4 5. Nxd4 Nc6 6. e3 Bb4 7. Bd2 O-O 8. a3
Bd6 9. Ncb5 Bb8 10. Nf3 a6 11. Nbd4 d6 12. Nxc6 bxc6 13. Bd3 e5 14. Bc2 d5 15.
cxd5 cxd5 16. Bb4 Re8 17. Ba4 Bd7 18. Bxd7 Qxd7 19. O-O a5 20. Bc3 Ra6 21. b4
e4 22. Nd4 Qc7 23. g3 Qxc3 24. b5 Rb6 25. Qa4 Qc8 26. Qxa5 Qh3 27. f3 Nd7 28.
Ra2 Rg6 29. Rg2 Bxg3 30. hxg3 Rxg3 31. Qd2 exf3 32. Rxg3 Qxg3+ 33. Kh1 Re4 34.
Nxf3 Qh3+ 35. Nh2 Qe6 36. Rd1 Rxe3 37. Qxd5 Re1+ 38. Rxe1 Qxd5+ 0-1